| Tag |
First Indicator |
Second Indicator |
Subfields |
| LEADER |
00000pam a2200000 a 4500 |
| 001 |
in00000091423 |
| 005 |
20151008063937.0 |
| 008 |
801120s1981 azua b 00000 engm |
| 010 |
|
|
|a 80039646
|
| 020 |
|
|
|a 0816503249 :
|c $7.95
|
| 035 |
|
|
|a (OCoLC)07169852
|
| 035 |
|
|
|9 AAK3228AM
|
| 040 |
|
|
|a DLC
|c DLC
|d m.c.
|d TXA
|d UtOrBLW
|
| 043 |
|
|
|a n-mx---
|
| 049 |
|
|
|a TXAM
|c 1 [1361695], 2 [274245]
|
| 050 |
0 |
0 |
|a F1219.3 S57
|b T48
|
| 082 |
0 |
|
|a 972/.00497
|2 19
|
| 245 |
0 |
0 |
|a Themes of indigenous acculturation in Northwest Mexico /
|c Thomas B. Hinton and Phil C. Weigand, editors ; contributors, N. Ross Grumrine [and others].
|
| 264 |
|
1 |
|a Tucson, Ariz. :
|b University of Arizona Press,
|c 1981.
|
| 300 |
|
|
|a x, 76 pages :
|b illustrations ;
|c 28 cm.
|
| 336 |
|
|
|a text
|b txt
|2 rdacontent
|
| 337 |
|
|
|a unmediated
|b n
|2 rdamedia
|
| 338 |
|
|
|a volume
|b nc
|2 rdacarrier
|
| 490 |
1 |
|
|a Anthropological papers of the University of Arizona ; no. 38
|
| 504 |
|
|
|a Includes bibliographies.
|
| 650 |
|
0 |
|a Indians of Mexico
|x Social conditions.
|
| 650 |
|
0 |
|a Indians of Mexico
|x Economic conditions.
|
| 650 |
|
0 |
|a Acculturation.
|
| 700 |
1 |
|
|a Hinton, Thomas B.
|
| 700 |
1 |
|
|a Weigand, Phil C.
|
| 700 |
1 |
|
|a Crumrine, N. Ross.
|
| 830 |
|
0 |
|a Anthropological papers of the University of Arizona ;
|v no. 38.
|
| 999 |
|
|
|a MARS
|
| 999 |
f |
f |
|s c320e7d2-3aa4-3eec-9e18-9f71b26275bc
|i b0f5e528-dabe-39ab-9d4d-8829acc7bf46
|t 0
|
| 952 |
f |
f |
|p ric
|a Texas A&M University
|b Rellis Campus
|c Joint Library Facility
|d Remote Storage
|t 0
|e F1219.3 S57 T48
|h Library of Congress classification
|i unmediated -- volume
|m A14806111204
|
| 998 |
f |
f |
|a F1219.3 S57 T48
|t 0
|l Remote Storage
|